Intermediate Accounting. (Record no. 7560)
[ view plain ]
| 000 -LEADER | |
|---|---|
| fixed length control field | 00459nam a22001817a 4500 |
| 003 - CONTROL NUMBER IDENTIFIER | |
| control field | OSt |
| 005 - DATE AND TIME OF LATEST TRANSACTION | |
| control field | 20211201171428.0 |
| 008 - FIXED-LENGTH DATA ELEMENTS--GENERAL INFORMATION | |
| fixed length control field | 211201b ||||| |||| 00| 0 eng d |
| 040 ## - CATALOGING SOURCE | |
| Transcribing agency | DDC |
| 082 ## - DEWEY DECIMAL CLASSIFICATION NUMBER | |
| Classification number | 657 BYE na |
| 100 ## - MAIN ENTRY--PERSONAL NAME | |
| Personal name | Byekwaso, Godfrey; Masereka, Paul |
| 9 (RLIN) | 15471 |
| 245 ## - TITLE STATEMENT | |
| Title | Intermediate Accounting. |
| 250 ## - EDITION STATEMENT | |
| Edition statement | 1st.ed. Revised |
| 260 ## - PUBLICATION, DISTRIBUTION, ETC. (IMPRINT) | |
| Place of publication, distribution, etc. | Kampala: |
| 300 ## - PHYSICAL DESCRIPTION | |
| Extent | iv,359.; |
| Dimensions | 28cm. |
| 650 ## - SUBJECT ADDED ENTRY--TOPICAL TERM | |
| Topical term or geographic name as entry element | Intermediate Accounting. |
| 9 (RLIN) | 15472 |
| 942 ## - ADDED ENTRY ELEMENTS (KOHA) | |
| Source of classification or shelving scheme | Dewey Decimal Classification |
| Koha item type | Book |
| Withdrawn status | Lost status | Source of classification or shelving scheme | Damaged status | Not for loan | Home library | Current library | Date acquired | Source of acquisition | Inventory number | Total Checkouts | Full call number | Barcode | Date last seen | Price effective from | Koha item type |
|---|---|---|---|---|---|---|---|---|---|---|---|---|---|---|---|
| Dewey Decimal Classification | Faculty of Management Science Library | Faculty of Management Science Library | 01/12/2021 | Purchase | 08/1278 | 657 BYE na | 2021-2007 | 01/12/2021 | 01/12/2021 | Book | |||||
| Dewey Decimal Classification | Faculty of Management Science Library | Faculty of Management Science Library | 01/12/2021 | Purchase | 08/1230 | 657 BYE na | 2021-2008 | 01/12/2021 | 01/12/2021 | Book | |||||
| Dewey Decimal Classification | Faculty of Management Science Library | Faculty of Management Science Library | 01/12/2021 | Purchase | 08/1204 | 657 BYE na | 2021-2009 | 01/12/2021 | 01/12/2021 | Book | |||||
| Dewey Decimal Classification | Faculty of Management Science Library | Faculty of Management Science Library | 01/12/2021 | Purchase | 08/1197 | 657 BYE na | 2021-2010 | 01/12/2021 | 01/12/2021 | Book | |||||
| Dewey Decimal Classification | Faculty of Management Science Library | Faculty of Management Science Library | 01/12/2021 | Purchase | 08/1176 | 657 BYE na | 2021-2011 | 01/12/2021 | 01/12/2021 | Book |
